ՀՀ Գիտությունների ազգային ակադեմիայի հիմնարար գիտական գրադարան  =   Fundamental Scientific Library of NAS RA

Ответственность при душевных болезнях / (Record no. 540252)

MARC details
000 -LEADER
fixed length control field 01169nam a2200241 a 4500
001 - CONTROL NUMBER
control field 001201389
003 - CONTROL NUMBER IDENTIFIER
control field AM-YEHGA
005 - DATE AND TIME OF LATEST TRANSACTION
control field 20260406143354.0
008 - FIXED-LENGTH DATA ELEMENTS--GENERAL INFORMATION
fixed length control field 170209s1875 ru |||||r|||||000|0|rus|d
040 ## - CATALOGING SOURCE
Original cataloging agency AM-YEHGA
041 1# - LANGUAGE CODE
Language code of text/sound track or separate title rus
Language code of original eng
100 1# - MAIN ENTRY--PERSONAL NAME
Personal name Модсли, Генри
245 10 - TITLE STATEMENT
Title Ответственность при душевных болезнях /
Statement of responsibility, etc. Д-ра Генри Маудсли, чл. Королев. мед. о-ва, проф. судебной мед. в Лондон. ун-те и проч. ; Пер. с англ. под ред. и с доп. О.А. Чечотта, вр. при Больнице св. Николая (для помеш.).
246 13 - VARYING FORM OF TITLE
Title proper/short title Отвѣтственность при душевных болѣзнях
260 ## - PUBLICATION, DISTRIBUTION, ETC.
Place of publication, distribution, etc. С.-Петербург :
Name of publisher, distributor, etc. Изд. ред. журн. "Знание",
Date of publication, distribution, etc. 1875.
300 ## - PHYSICAL DESCRIPTION
Extent XII, 376 с. ;
Dimensions 18 см.
650 14 - SUBJECT ADDED ENTRY--TOPICAL TERM
Topical term or geographic name entry element Медицина
650 14 - SUBJECT ADDED ENTRY--TOPICAL TERM
Topical term or geographic name entry element Психические болезни
650 14 - SUBJECT ADDED ENTRY--TOPICAL TERM
Topical term or geographic name entry element Психиатрия
650 14 - SUBJECT ADDED ENTRY--TOPICAL TERM
Topical term or geographic name entry element Патологическая психология
700 1# - ADDED ENTRY--PERSONAL NAME
Personal name Чечотт, Оттон Антонович
Relator term ред.
Relationship edt
942 ## - ADDED ENTRY ELEMENTS (KOHA)
Source of classification or shelving scheme Universal Decimal Classification
Koha item type Գրքեր / Books
Holdings
Withdrawn status Lost status Damaged status Not for loan Collection Home library Current library Date acquired Total checkouts Full call number Barcode Date last seen Price effective from Koha item type Public note
        Kusikian Individual Collection Fundamental Scientific Library Fundamental Scientific Library 30/01/2026   Кус/6118 FL0702620 30/01/2026 30/01/2026 Գրքեր / Books ILL Non-Circ.


ՀՀ ԳԱԱ հիմնարար գիտական գրադարան
ՀՀ,Երևան 0019
Մարշալ Բաղրամյան 24/6
հեռախոս:(374-10) 52-47-50
Հետադարձ կապ

All site content, except where otherwise noted, is licensed under a
Creative Commons License